| 000 | 00643nam a2200205Ia 4500 | ||
|---|---|---|---|
| 003 | GCL | ||
| 008 | 140319s9999 xx 000 0 ara d | ||
| 040 |
_aGCL / _cGCL |
||
| 082 | 0 | 4 |
_aط _b813.01 _bع ح |
| 100 | 1 | _aعبدالعزيز عبدالغنى ابراهيم | |
| 245 | 1 | 0 |
_aارض الذهب / _cعبدالعزيز عبدالغنى ابراهيم |
| 700 | 1 | _aعبدالعزيز عتيق | |
| 700 | 1 | _aمصطفى حسين | |
| 260 |
_a[S.N] : _bدار الشروق ، _c1992 |
||
| 490 |
_aحكايات الشروق _v0 |
||
| 650 | 0 | 4 | _aالاطفال |
| 650 | 0 | 4 | _aالقصص |
| 650 | 0 | 4 | _aقصص الاطفال |
| 942 |
_2ddc _cBK |
||
| 999 |
_c56567 _d56567 |
||